O pato e o mocho (Registo nº 5939)
[ vista simples ]
| 000 -Etiqueta do registo | |
|---|---|
| Valores | 00757cam a2200253 4500 |
| 010 ## - Número ISBN | |
| ISBN | 9722111485 |
| 021 ## - Número do Depósito Legal | |
| Número | 115130/97 |
| 100 ## - Dados gerais de processamento | |
| Dados gerais | 20211231d1997 c||y0pory5003 ba |
| 200 1# - Titulo e menção de responsabilidade | |
| Título próprio | O pato e o mocho |
| Primeira menção de responsabilidade | Hanna Johansen |
| Outras menções de responsabilidade | il. Kätie Bhend |
| -- | trad. Isabel Andrade |
| 210 #9 - Publicação | |
| Local de publicação | Lisboa |
| Nome do editor | Caminho |
| Data de publicação | 1997 |
| 215 ## - Descrição física | |
| Paginação / Volumes | [71] p. |
| Outras indicações físicas | il. |
| Dimensões | 21 cm |
| 304 ## - Nota relativa ao título | |
| Texto de nota | T�it. orig.: Die ente und die eule |
| 606 ## - Nome comum usado como assunto | |
| ID Autoridade | 14 |
| Palavra de ordem | Literatura infantil |
| 606 ## - Nome comum usado como assunto | |
| ID Autoridade | 13 |
| Palavra de ordem | Literatura Estrangeira |
| 675 ## - CDU | |
| Notação | 82-93 |
| Edição | BN |
| Língua | por |
| 675 ## - CDU | |
| Notação | 821.1/.8 |
| Edição | BN |
| Língua | por |
| 700 ## - Autor principal (pessoa individual) | |
| Apelido | Johansen |
| Nome | Hanna |
| Datas | 1939-2023 |
| ID Autoridade | 5610 |
| 702 ## - Autor secundário (pessoa individual) | |
| Apelido | Andrade |
| Nome | Isabel |
| ID Autoridade | 3219 |
| 702 ## - Autor secundário (pessoa individual) | |
| Apelido | Bhend |
| Nome | Käthi |
| Datas | 1942- |
| ID Autoridade | 5611 |
| 801 #0 - Fonte de origem | |
| País | PT |
| Agência | BMVN |
| Regras de catalogação | RPC |
| 830 ## - Notas gerais do catalogador | |
| Criado por | Ana Caetano |
| Data de criação | 31/12/2021 |
| 990 ## - Elementos KOHA | |
| Tipo de documento | Livro |
| Situação do levantamento | Biblioteca de origem | Código de barras | Cota | Permissão de empréstimo | Tipo de documento | Forma de aquisição |
|---|---|---|---|---|---|---|
| Biblioteca Municipal de Vendas Novas | 100000020364 | LI EST/JOH | Livro |